000 00267nam a22001217a 4500
008 181102b xxu||||| |||| 00| 0 eng d
041 _aeng
080 _a612.39
100 _a10
101 _aNUT
245 _aOrthomolecular Nutrition
_cPauling,L
942 _2udc
_cBK
999 _c51707
_d51707